Salah sangka

Bibliographic Details
Main Author: Hakimi Muhammad
Format: Book
Published: Kuala Lumpur : Penerbitan Hartamas , 2006
Series:Siri Alfi menjejak misteri
Subjects:

MARC

LEADER 00000cam a2200000 7i4500
001 0000054988
005 20220105105355.0
008 151114
020 |a 9830342530 
090 0 0 |a AD   |b MAL 
100 1 |a Hakimi Muhammad 
245 1 0 |a Salah sangka   |c Hakimi Muhammad 
260 |a Kuala Lumpur :   |b Penerbitan Hartamas ,   |c 2006 
300 |a 114pg. :   |b ill. 
490 1 |a Siri Alfi menjejak misteri 
500 |a Children ages 7-9 years old (orange) 
650 0 |a Children's Stories, Malay 
999 |a 0000916785   |b Book   |c Children Collection   |e Cawangan Bukit Gambir 
999 |a 0000916786   |b Book   |c Children Collection   |e Cawangan Bukit Gambir 
999 |a 0000916787   |b Book   |c Children Collection   |e Cawangan Bukit Gambir 
999 |a 0000929513   |b Book   |c Children Collection   |e Cawangan Tangkak